000 00306nam a22001337a 4500
008 170802b xxu||||| |||| 00| 0 eng d
020 _a9781439056912
041 _aeng
080 _a004
100 _a32
101 _aSHKI
245 _aUSING COMPUTERS IN THE LAW OFFICE
_cCORNICK, M.S
942 _2udc
_cBK
999 _c22586
_d22586